|
|
|
|
| LEADER |
00000nam a2200000 a 4500 |
| 001 |
vtls010274534 |
| 003 |
SK-MaSNL |
| 005 |
20260425223124.0 |
| 008 |
240314s2000 sp g d 000 0 spa |
| 020 |
|
|
|a 8479786264
|q (viaz.)
|
| 040 |
|
|
|a SNK
|b slo
|c SNK
|e AACR2
|
| 041 |
0 |
|
|a spa
|a eng
|
| 044 |
|
|
|a sp
|c ES
|
| 072 |
|
7 |
|a 811.111
|x Angličtina
|2 konspekt
|
| 080 |
|
|
|a 811.111
|2 2001
|
| 080 |
|
|
|a 811.134.2
|2 2001
|
| 080 |
|
|
|a 007+004
|2 2001
|
| 080 |
|
|
|a 81'373.46
|2 2001
|
| 080 |
|
|
|a 003.083
|2 2001
|
| 080 |
|
|
|a 81'374.8-022.215
|2 2001
|
| 100 |
1 |
|
|a León Rodriguez, Mario,
|d 1947-
|4 aut
|9 327683
|
| 245 |
1 |
0 |
|a Diccionario de informática, telecomunicaciones y ciencias afines
|b inglés-español
|c Mario León
|
| 246 |
1 |
1 |
|a Dictionary of computing, telecommunications, and related sciences
|b Spanish-English
|
| 260 |
|
|
|a Madrid
|b Babel
|c 2000
|
| 300 |
|
|
|a xxv, 1348 s.
|c 25 cm
|
| 500 |
|
|
|a V tir. uvedený cop. 2004
|
| 650 |
0 |
7 |
|a angličtina
|2 SNKPH
|9 1260
|
| 650 |
0 |
7 |
|a španielčina
|2 SNKPH
|9 1358
|
| 650 |
0 |
7 |
|a informatika
|2 SNKPH
|9 1124
|
| 650 |
0 |
7 |
|a odborná terminológia
|2 SNKPH
|9 3616
|
| 650 |
0 |
7 |
|a skratky
|2 SNKPH
|9 23481
|
| 655 |
|
7 |
|a dvojjazyčné prekladové slovníky
|2 SNKPH
|9 70744
|
| 655 |
|
7 |
|a terminologické slovníky
|2 SNKPH
|9 70504
|
| 919 |
|
|
|a 84-7978-626-4
|
| 999 |
|
|
|c 577190
|d 579120
|
| 952 |
|
|
|t snkLEO 004(038)
|a SNKUST
|b SNKUST
|y PREZ
|7 0
|p 17A0702531
|o snkIC 139505
|i snk2011/10185
|8 2
|g 70.00
|0 0
|1 0
|4 0
|d 2011-04-29
|l 0
|r 2025-03-21 00:00:00
|w 2026-02-23
|